Central Library OPAC University of Rajshahi

Saving the appearances : (Record no. 1289)

MARC details
000 -LEADER
fixed length control field 00762cam a22002651 4500
001 - CONTROL NUMBER
control field 1289
003 - CONTROL NUMBER IDENTIFIER
rucl marc code BD-RjUL
005 - DATE AND TIME OF LATEST TRANSACTION
control field 20211208233317.0
008 - FIXED-LENGTH DATA ELEMENTS--GENERAL INFORMATION
fixed length control field 131125s1957 enk 001 0 eng d
035 ## - SYSTEM CONTROL NUMBER
System control number (BD-RjUL)1311
System control number (OCoLC)2743959
040 ## - CATALOGING SOURCE
Original cataloging agency DLC
Transcribing agency TNJ
Modifying agency Uk
-- DLC
-- BD-RjUL
Language of cataloging eng
041 ## - LANGUAGE CODE
Language code of text/sound track or separate title eng
082 ## - DEWEY DECIMAL CLASSIFICATION NUMBER
Classification number 901
Edition number 19
Author mark and year BAS 1957
100 1# - MAIN ENTRY--PERSONAL NAME
Personal name Barfield, Owen,
Dates associated with a name 1898-1997.
9 (RLIN) 3808
245 10 - TITLE STATEMENT
Title Saving the appearances :
Remainder of title a study in idolatry /
Statement of responsibility, etc. Owen Barfield.
260 ## - PUBLICATION, DISTRIBUTION, ETC. (IMPRINT)
Place of publication, distribution, etc. London :
Name of publisher, distributor, etc. Faber and Faber,
Date of publication, distribution, etc. 1957.
300 ## - PHYSICAL DESCRIPTION
Pagination 190 p. ;
Size 23 cm.
500 ## - GENERAL NOTE
General note Includes index.
650 #0 - SUBJECT ADDED ENTRY--TOPICAL TERM
Topical term or geographic name as entry element Civilization
General subdivision Philosophy.
9 (RLIN) 3440
Topical term or geographic name as entry element Idols and images
General subdivision Worship.
9 (RLIN) 3809
942 ## - ADDED ENTRY ELEMENTS (KOHA)
Source of classification or shelving scheme Dewey Decimal Classification
Koha item type Books
Holdings
Lost status Source of classification or shelving scheme Damaged status Not for loan Collection code Permanent Location Current Location Shelving location Date acquired Source of acquisition Cost, normal purchase price Total Checkouts Full call number Date last seen Copy number Koha item type
  Dewey Decimal Classification     Non-fiction Central Library, University of Rajshahi Central Library, University of Rajshahi   09/03/1963 Zeitlinger 21.00   901 BAS 1957 25/11/2013 C-1 Books